Relations between water and soil. (Record no. 21010)

MARC details
000 -LEADER
fixed length control field 00382nam a2200133Ia 4500
082 ## - DEWEY DECIMAL CLASSIFICATION NUMBER
Classification number 631.432
Item number MAR
100 ## - MAIN ENTRY--AUTHOR NAME
Personal name MARSHALL, T J
245 #0 - TITLE STATEMENT
Title Relations between water and soil.
260 ## - PUBLICATION, DISTRIBUTION, ETC. (IMPRINT)
Place of publication England
Name of publisher CAB
Year of publication 1959
490 ## - SERIES STATEMENT
Series statement Commonwealth Bureau of soils, technical communication; 50
650 ## - SUBJECT ADDED ENTRY--TOPICAL TERM
Topical Term Soil water relations
942 ## - ADDED ENTRY ELEMENTS (KOHA)
Koha item type Books
Holdings
Withdrawn status Lost status Damaged status Not for loan Home library Current library Date acquired Full call number Accession Number Koha item type
        RRII Library RRII Library 16/12/2021 631.432 MAR 01732 Books